000 01656nam0a22003371 4500
001 rc\2330407
005 20250623102328.0
035 _a(NLR Aleph) 006719218
090 _a5425331
_c5425331
100 _a20110829d1977 |||y0rusy50 ca
101 0 _arus
102 _aRU
105 _aa z |||||
200 1 _aЭлектроприводы для управления запорной трубопроводной арматурой
_fА.Д. Плотников, Т.О. Тер-Матсосянц
_gЦентр. ин-т науч.-техн. информации и техн.-экон. исследований по хим. и нефт. машиностроению
210 _aМосква
_cЦИНТИхимнефтемаш
_d1977
215 _a44 с.
_cил.
_d20
225 1 _aОбзорная информация
_hСерия ХМ-10
_iПромышленная трубопроводная арматура
300 _aНа обл. авт. не указаны
320 _aСписок лит.: с. 43 (6 назв.)
606 _aТрубопроводная арматура, запорная
_jОбзоры литературы информационные
_xУправление
_2psbo
606 _aЭлектроприводы
_jОбзоры литературы информационные
_2psbo
700 1 _aПлотников
_bА.Д.
701 1 _6z01790
_aТер-Матсосянц
_bТ.О.
790 1 _6z01701
_aМатсосянц
_bТ.О.
801 0 _aRU
_bNLR
_gpsbo
801 1 _aRU
_bELAR
_2rusmarc
852 _aNLR
_j77-4/26088
899 _aRuMoRGB
_jБ 77-56/1021
899 _aRuMoRGB
_jБ 77-56/1022
942 _cBOOK
980 _aNB